| 000 | 00576nam a2200193Ia 4500 | ||
|---|---|---|---|
| 003 | IN-BaIIA | ||
| 008 | 211028s9999 xx 000 0 eng d | ||
| 040 | _cIIA Library | ||
| 080 |
_a530.1 _bWIL |
||
| 100 |
_aWilson, H. A. _91916 |
||
| 245 | 0 |
_aModern physics _cH. A. Wilson |
|
| 260 |
_aLondon _bBlackie & Sons _c1928 |
||
| 300 | _axiv, 381p. | ||
| 490 | _aThe student's physics; v. VI | ||
| 650 | _aAstronomy and Astrophysics Thesaurus | ||
| 650 |
_aModern Physics _91851 |
||
| 650 |
_aTheoretical Physics _91581 |
||
| 942 | _cBK | ||
| 999 |
_c896 _d896 |
||